Normal view
MARC view
Entry Topical Term
001 - CONTROL NUMBER
- control field: 11944
003 - CONTROL NUMBER IDENTIFIER
- control field: BD-RjUL
005 - DATE AND TIME OF LATEST TRANSACTION
- control field: 20240228101834.0
008 - FIXED-LENGTH DATA ELEMENTS
- fixed length control field: 240228|| aca||aabn | a|a d
040 ## - CATALOGING SOURCE
- Original cataloging agency: BD-RjUL
- Transcribing agency: BD-RjUL
150 ## - HEADING--TOPICAL TERM
- Topical term or geographic name entry element: Aquatic plants
- General subdivision: Physico-Chemical
- Chronological subdivision: Chalan beel
- Geographic subdivision: Rajshahi
- Geographic subdivision: Bangladesh
670 ## - SOURCE DATA FOUND
- Source citation: Work cat.: (BD-RjUL)83170: HASAN, MD. ABUL 11943, ASSESSMENT OF DIVERSITY OF ALGAL PLANTS IN CHALAN BEEL IN RELATION TO PHYSICO-CHEMICAL CONDITIONS /, 2000